| 000 | 01039cam a22002531 4500 | ||
|---|---|---|---|
| 001 | sa 68015836 | ||
| 003 | DLC | ||
| 005 | 20260227112647.0 | ||
| 008 | 891030s1966 ii 000 0 ara | ||
| 010 | _asa 68015836 | ||
| 025 | _aPL480:I-Ar-43 | ||
| 035 | _a(OCoLC)20570892 | ||
| 040 |
_aDLC _cWaU _dWaU _dDLC |
||
| 042 | _apremarc | ||
| 050 | 0 | 0 |
_aBP135 _b.H33 1966b |
| 100 | 2 |
_aḤākim al-Nīsābūrī, Muḥammad ibn ʻAbd Allāh, _d933-1014. |
|
| 245 | 1 | 0 |
_aKitāb maʻrifat ʻulūm al-ḥadīth, _ctaṣnīf Abī ʻAbd Allāh Muḥammad ibn ʻAbd Allāh al-Ḥāfiẓ al-Nīsābūrī ; iʻtaná bi-nashrihi wa-taṣḥīḥihi wa-al-taʻlīq ʻalayhi maʻa tarjamat al-muṣannif Muʻaẓẓam Ḥusayn. |
| 250 | _aal-Ṭabʻah 2. | ||
| 260 |
_aḤaydarābād al-Dakkan, _bMaṭbaʻat Majlis Dāʻirat al-Maʻārif al-ʻUthmānīyah, _c1966. |
||
| 300 |
_a39, 330 p. _c25 cm. |
||
| 650 | 0 |
_aHadith _xCriticism, interpretation, etc. |
|
| 700 | 2 | _aMuʻaẓẓam Ḥusayn, al-Sayyid. | |
| 740 | 0 | _aMaʻrifat ʻulūm al-Ḥadīth. | |
| 999 |
_c86716 _d86716 |
||